Sports Quiz

Random Sports Quiz
Score 0/48 Timer 10:00
0 Plays Today
Answer % Correct
Chris Hands
100%
Nick Briggs
91.7%
Clay Dyson
83.3%
Ben Ellicott
83.3%
Matt Rowland
83.3%
Sam Smith
83.3%
Steve Dipple
75%
Rupert Antley
75%
Roland Rignall
75%
Stew Rowland
75%
Craig Lilly
66.7%
James Grady
66.7%
Sean Trainor
66.7%
Jamie Walsh
66.7%
Habib Buaben
66.7%
Jamie Hatfield
58.3%
Tom Blewett
58.3%
Kevin Gilbert
58.3%
Nick Cotton
58.3%
Lewis Smith
58.3%
Mark Jovanovic
50%
Josh Green
50%
Laan David
41.7%
Jack Turner
41.7%
Answer % Correct
Tom Wainwright
41.7%
Mike Dunne
41.7%
Dean Hay
33.3%
Chris Fitzgibbons
33.3%
Russell Southwick
33.3%
33.3%
George Bailes
25%
Gaz Hall
25%
Jamie Edwards Taylor
25%
Giovanni Fiumefreddo
25%
Karl Taylor
16.7%
Warren Moore
16.7%
Richard Carwithen
16.7%
Liam Phelan
16.7%
Mark Harrison
8.3%
Scott Jezzard
8.3%
Rob Laight
8.3%
Tim Foley
8.3%
Neil Evans
0%
Craig Newton
0%
John Bartlett
0%
Scott Buszko
0%
Chris Ward
0%
Nick Rumbold
0%
Remove Ads.
Support Sporcle.
Get the best of Sporcle when you Go Orange. This ad-free experience offers more features, more stats, and more fun while also helping to support Sporcle. Thank you for becoming a member.

You're not logged in!

Compare scores with friends on all Sporcle quizzes.
OR
Log In

Sporcle TV

Today on Sporcle TV


Watch our educational content, quiz creation guides, and fun videos on Sporcle TV.

Show Comments

Extras

Created Sep 21, 2017ReportNominate
Tags:lion, Scorer

Top Quizzes Today


Score Distribution

Paid Content

Your Account Isn't Verified!

In order to create a playlist on Sporcle, you need to verify the email address you used during registration. Go to your Sporcle Settings to finish the process.

Report this User

Report this user for behavior that violates our Community Guidelines.

Details: